Sports Moment Iconic Calls - Statistics

General Stats
  • This quiz has been taken 57 times
  • The average score is 5 of 20
Answer Stats
Call Event % Correct
"This is gonna be a tough play, Bryant" Cubs Indians Game 7 2016
53%
"Rebound Bosh, Back out to Allen. His 3-pointer. BANG!!" Heat Spurs Game 6 2013
51%
"CAUGHT SIDELINE TOUCHDOWN UNBELIEVABLE" Minneapolis Miracle
51%
"Three Seconds to go, Gives it to Jenkins" Nova UNC NCAA title game
40%
"Up for the layup, Ohh Blocked by James" Warriors Cavs Game 7 2016
40%
"We will see you tomorrow night" Cardinals Rangers Game 6 2011
38%
"All right, here we go. 56-yarder. It’s got … no, it does not have the leg." Alabama Auburn 2013
36%
"Defended by Simmons, Is this the Dagger" Raptors 76ers Playoff Game 7 2019
31%
"Pass is Intercepted at the Goal Line" Patriots Seahawks Superbowl 2014
29%
"Tagovailoa, trying to make up for it, fires to the Endzone" Alabama Georgia National Championship 2018
24%
"They are going to snap it and its Trey Burton who throws Caught!!" Eagles Patriots Superbowl 2018
24%
"Mannings gonna heave one, theres a flag, Did he catch that?!?" Odell Beckham One-handed Catch
24%
"Oh look at this run, what a run, still on his feet" Seahawks Saints 2010
24%
"He has trouble with the snap, woah and the ball is free" Michigan Michigan State 2015
20%
"Many doubted we'd ever see it, the return to glory Tiger Woods Wins the 2019 Masters
18%
"He has started to look like the Dee Gordon of last year" Jose Fernandez Memorial Game
13%
"Bobbles it and now has to try and recover, Are you kidding" Desean Jackson Game Winning Return
11%
"Incredible Performance, Shock and awe in college basketball" UMBC Upset of UVA
11%
"Marshall, lets it go, Oh my goodness, Oh my god" Auburn Georgia 2013
4%
The 0-2, Ruiz... IN TIME!! Roy Halladay Playoff No-Hitter
4%
No matching quizzes found
Score Distribution
Percent of People with Each Score
Percentile by Number Answered
Your Score History
You have not taken this quiz